| 000 | 00570nam a22001577a 4500 | ||
|---|---|---|---|
| 003 | OSt | ||
| 005 | 20240410112534.0 | ||
| 008 | 240410b |||||||| |||| 00| 0 eng d | ||
| 040 | _cCentral Library MRSPTU | ||
| 100 | _aDr. Harshindar Kaur (ਡਾ. ਹਰਸ਼ਿੰਦਰ ਕੌਰ) | ||
| 245 | _aBacchian Dian Manoviganik Samassiawan Te Ilaj (ਬੱਚਿਆਂ ਦੀਆਂ ਮਨੋਵਿਗਿਆਨਿਕ ਸਮੱਸਿਆਵਾਂ ਤੇ ਇਲਾਜ) | ||
| 250 | _a1st | ||
| 260 |
_aBarnala _bTarkbharti Parkashan _c2006 |
||
| 300 | _a191 | ||
| 942 |
_2ddc _cBK _n0 |
||
| 999 |
_c10014 _d10014 |
||